000 00664nam a2200169Ia 4500
008 090711s9999 xx 000 0 und d
082 _b1616
100 _aबर्वे राजेंद्र
245 _aविसंवादातून सुसंवादाकडे
260 _bमनोविकास प्रकाशन
_c2000
300 _a132
600 _aबर्वे राजेंद्र
630 _aविसंवादातून सुसंवादाकडे
700 _aबर्वे राजेंद्र
730 _aविसंवादातून सुसंवादाकडे
942 _cBOOK
999 _c338651
_d338648